| 000 | 00985 a2200229 4500 | ||
|---|---|---|---|
| 003 | NUST | ||
| 005 | 20230102174943.0 | ||
| 010 | _a 79013332 | ||
| 020 | _a0839113226 | ||
| 040 | _cNust | ||
| 082 | 0 | 0 | _a371.92,SIM |
| 100 | 1 |
_aSimonson, Linda Rumanoff. _9106655 |
|
| 245 | 1 | 2 |
_aA curriculum model for individuals with severe learning and behavior disorders / _cLinda Rumanoff Simonson. |
| 260 |
_aBaltimore : _bUniversity Park Press, _cc1979. |
||
| 300 |
_avii, 310 p. : _bill. ; _c23 cm. |
||
| 505 | _aPart.1: Introduction to the Curriculum (Page-3), Part.2: Implementing the Curriculum Units (Page-41), Part.3: Preparation and Assessment Within The Curriculum Model (Page-179), Part.4: Appendices (Page-225). | ||
| 650 | 0 |
_aAutistic children _xEducation. _9106656 |
|
| 650 | 0 |
_aChildren with mental disabilities _xEducation _9106657 |
|
| 650 | 0 |
_aLearning disabled children _xEducation. _9106658 |
|
| 650 | 0 |
_aProblem children _xEducation. _989958 |
|
| 942 |
_2ddc _cBK _k371.92,SIM |
||
| 999 |
_c185876 _d185876 |
||